| 000 | 00714nam a2200229Ia 4500 | ||
|---|---|---|---|
| 008 | 100315s9999 xx 000 0 und d | ||
| 020 | _a8173141053 | ||
| 040 | _cENGLISH | ||
| 082 | _b5138 | ||
| 100 | _a"Eggert, Max A. " | ||
| 245 | _aThe Managing Your Appraisal Pocketbook | ||
| 260 |
_aNew Delhi _bResearch Press _c2003 |
||
| 300 | _a109p. | ||
| 365 |
_eRupees _d1 _b40.00 |
||
| 366 | _f0 | ||
| 440 | _aManagement PocketBooks | ||
| 505 | _gTushar Jadhav | ||
| 620 | _a"Appraisee Benefits,Management Benefits,Performance & Measurement,Feedback " | ||
| 630 | _aThe Managing Your Appraisal Pocketbook | ||
| 730 | _aThe Managing Your Appraisal Pocketbook | ||
| 942 | _cBOOK | ||
| 999 |
_c479873 _d479870 |
||